000 00358nam a2200133 i 4500
001 bg
100 1 _aOLSZEWSKI, Wojciech
245 0 _aMetody badania ekonomiczności postępu technicznego w budownictwie /
_cWojciech Olszewski.
260 _aWarszawa,
_c1971.
040 _cBPK
041 _apol
942 _cKS
008 s pl f |000 0 pol
999 _c26084
_d26084
856 _uhttp://koha.tu.koszalin.pl/cgi-bin/koha/opac-detail.pl?biblionumber=26084
_yKatalog online BPK